LEADER 00990nam a2200229 i 4500 001 000000186958 003 CaOOAMICUS 005 20201119082554.0 008 100308s1920 it u000 u mul u 013 $a165015 040 $aSeMil$bita 100 1 $aAthenagoras : Atheniensis .$0(OLS)http://semarc/name/16699 245 13$aLa supplica per i cristiani /$cAtenagora ; testo critico e commento di Paolo Ubaldi. 264 1$aTorino :$bSocietà Editrice Internazionale,$c[1920] 300 $aXLIV, 193 p. ;$c21 cm. 700 1 $aUbaldi, Paolo,$c.$0(OLS)http://semarc/name/9069 830 0$aScrittori greci commentati ;$v3.$0(OLS)http://semarc/title/26627 850 $aSeMil 852 $aSeMil$W1$xVenegono$y1$m2T II 68$j137645$B137645$CSeMilBibl$Z2$F149168 $81 996 $6245$aLa supplica per i cristiani$9(OLS)http://semarc/title/268889 996 $6264$aTorino :$bSocietà Editrice Internazionale$9(OLS)http://semarc/publisher/29847 LEADER 01114nam a2200229 i 4500 001 000000079945 003 CaOOAMICUS 005 20170728000000.0 008 170728s1856 it u000 u ita u 013 $a52183 040 $aSeMil$bita 100 1 $aDe Filippi, Filippo,$d<1814-1867>.$0(OLS)http://semarc/name/90370 245 10$aDelle funzioni riproduttive degli animali :$bin complemento all'ed. italiana del Corso elementare di zoologia di Milne Edwards /$cper F. De Filippi. 250 $a2. ed. rielaborata ed accresciuta. 260 $aMilano :$bFrancesco Vallardi,$c1856. 300 $a107 p. :$bill. ;$c18 cm. 650 4$aZoologia.$0(OLS)http://semarc/subject/3894 650 4$aAnatomia comparata.$0(OLS)http://semarc/subject/45281 850 $aSeMil 852 $aSeMil$W1$xVenegono$y1$m3XC III 4 FA$j45557$B45557$CSeMilBibl$Z2$F47542 $8I 996 $6245$aDelle funzioni riproduttive degli animali :$bin complemento all'ed. italiana del Corso elementare di zoologia di Milne Edwards$9(OLS)http://semarc/title/403740 996 $6260$aMilano :$bFrancesco Vallardi$9(OLS)http://semarc/publisher/30290